Central Library OPAC University of Rajshahi

The Northwest Coast / (Record no. 77744)

MARC details
000 -LEADER
fixed length control field 00655nam a22002177a 4500
001 - CONTROL NUMBER
control field 77744
003 - CONTROL NUMBER IDENTIFIER
rucl marc code BD-RjUL
005 - DATE AND TIME OF LATEST TRANSACTION
control field 20211209083022.0
008 - FIXED-LENGTH DATA ELEMENTS--GENERAL INFORMATION
fixed length control field 210104r19791973 ||||| |||| 00| 0 eng d
035 ## - SYSTEM CONTROL NUMBER
System control number (BD-RjUL)77970
040 ## - CATALOGING SOURCE
Original cataloging agency BD-RjUL
Language of cataloging eng
Transcribing agency BD-RjUL
041 ## - LANGUAGE CODE
Language code of text/sound track or separate title eng
082 ## - DEWEY DECIMAL CLASSIFICATION NUMBER
Edition number 19
Classification number 917.9
Author mark and year WIN 1979
100 ## - MAIN ENTRY--PERSONAL NAME
Personal name Williams, Richard L.
9 (RLIN) 243251
245 14 - TITLE STATEMENT
Title The Northwest Coast /
Statement of responsibility, etc. by Richard L. Williams and the editors of Time-Life Books.
260 ## - PUBLICATION, DISTRIBUTION, ETC. (IMPRINT)
Place of publication, distribution, etc. New York :
Name of publisher, distributor, etc. Time Life Books,
Date of publication, distribution, etc. 1973.
300 ## - PHYSICAL DESCRIPTION
Pagination 184 pages :
Illustrations color illustrations ;
Size 26 cm
490 ## - SERIES STATEMENT
Series statement Time-Life Books.
830 ## - SERIES ADDED ENTRY--UNIFORM TITLE
Uniform title Time-Life Books.
942 ## - ADDED ENTRY ELEMENTS (KOHA)
Source of classification or shelving scheme Dewey Decimal Classification
Koha item type Books
Holdings
Lost status Source of classification or shelving scheme Damaged status Not for loan Collection code Permanent Location Current Location Shelving location Date acquired Source of acquisition Total Checkouts Full call number Date last seen Copy number Koha item type
  Dewey Decimal Classification   Not For Loan Non-fiction Central Library, University of Rajshahi Central Library, University of Rajshahi Reading Room 02/03/2020 The American Centre Library   917.9 WIN 1979 04/01/2021 C-1 Books